Statistics for The Ultimate Pirate Quiz

Click here to take the quiz!

General Stats

  • This quiz has been taken 16 times
  • The average score is 5 of 13

Answer Stats

HintAnswer% Correct
''This is the day you will always remember as the day you almost caught captain…''Jack Sparrow
92%
What was Blackbeard's real name?Edward Teach
75%
One legged cook / pirate captainLong John Silver
67%
Name of ship with black sailsThe Black Pearl
67%
What was the name of Blackbeard's ship?Queen Anne’s Revenge
50%
Received a temporary stay of execution by pleading the bellyMary Read
25%
Him and his crew got cursed after taking the Isla de Muerta treasureHector Barbossa
25%
Known for designing the now infamous pirate flag, and having two women on boardJohn ‘Calico Jack’ Rackham
25%
Punishment in which the offender was left on a deserted island with a loaded pistolMarooning
25%
His buried treasure is believed to be found…but is it?William Kidd
17%
Captain of the brig Jolly RogerJames Hook
17%
''Had you fought like a man, you need not have been hang'd like a dog''Anne Bonny
8%
Famous pirate stronghold in the CaribbeanNew Providence
8%

Score Distribution

Percentile by Number Answered

Percent of People with Each Score

Your Score History

You have not taken this quiz